000 004730000a22001810004500
020 _a0-85364-293-1
041 0 _aENG
082 0 4 _aG 261.835 C862p
100 1 _aCourt, John H.
245 1 0 _aPornography : A christian critique / John H. Court
260 _aDowners Grove, ILL., USA : InterVarsity
300 _a96 Pag
001 6988
942 _cBK
999 _c37228
_d37228
336 _atexto
_btxt
_2rdacontent
337 _2rdamedia
_asin mediación
_bn
338 _2rdacarrier
_avolumen
_bnc